000 00463cam a2200181ua 4500
020 _cRs.60.00
041 _aeng
_h
082 _a621.4021
_bROG/EN
100 _aRogers, G.F.C.
245 _aEngineering thermodynamics work and heat transfer /
_cG.F.C Rogers.
_hTextual Documents
260 _aLondon :
_bLongman ,
_c1969.
300 _a662 ; .
365 _aRs.60.00
504 _a
700 1 _aMayhew, V.R.
942 _cBK
999 _c1432
_d1432